00617nam a2200181 i 4500003000900000005001700009007000300026008004100029040003000070082001200100110003300112245009400145264008100239300002600320336002700346337003400373338002800407DO-SdBNP20250131205119.0ta110413s1956 dr 000 0 spa d aDO-SdBNPbspacBNPHUerda bU582222 aUniversidad de Santo Domingo10aCalendario para el año académico 1956-1957 : by otras informaciones universitarias / 1aCiudad Trujillo, República Dominicana :bTalleres gráficos Diana,c1956. a75 páginas c23 cm. 2rdacontentatextobtxt 2rdamediaasin mediación bn 2rdacarrieravolumenbnc